La Escala de identidad étinica multigrupo (EIEM) en el contexto costarricense: aportes al estudio de la identidad étnica y sus componentes en jóvenes costarricenses de diversos grupos étnicos /
El presente artículo describe las propiedades psicométricas de un instrumento para la medición de la identidad étnica y sus componentes en jóvenes costarricenses: la "Escala de Identidad Etnica Multigrupo". En el estudio participaron 287 jóvenes afrocostarricenses, 768 jóvenes "blanco...
Gespeichert in:
| 1. Verfasser: | |
|---|---|
| Format: | Buch |
| Sprache: | Spanish |
| Schlagworte: | |
| Tags: |
Tag hinzufügen
Keine Tags, Fügen Sie den ersten Tag hinzu!
|
MARC
| LEADER | 00000nam a22000007a 4500 | ||
|---|---|---|---|
| 001 | 203 | ||
| 003 | cru CIDCACS/IIS | ||
| 005 | 20190910153054.0 | ||
| 008 | 190910b ||||| |||| 00| 0 spa d | ||
| 999 | |c 42342 |d 42342 | ||
| 040 | |c cru CIDCACS/IIS | ||
| 100 | 1 | |9 8514 |a Smith Castro, Vanessa | |
| 245 | 1 | |a La Escala de identidad étinica multigrupo (EIEM) en el contexto costarricense: |b aportes al estudio de la identidad étnica y sus componentes en jóvenes costarricenses de diversos grupos étnicos / |c Vanessa Smith Castro | |
| 300 | |a páginas 83-113 | ||
| 520 | |a El presente artículo describe las propiedades psicométricas de un instrumento para la medición de la identidad étnica y sus componentes en jóvenes costarricenses: la "Escala de Identidad Etnica Multigrupo". En el estudio participaron 287 jóvenes afrocostarricenses, 768 jóvenes "blancos" o mestizos y 120 jóvenes de procedencia étnica mixta | ||
| 546 | |a Resumen también en inglés | ||
| 650 | 0 | |9 2964 |a GRUPOS ETNICOS | |
| 650 | 0 | |9 4465 |a IDENTIDAD CULTURAL | |
| 650 | 0 | |9 978 |a JUVENTUD | |
| 650 | 0 | |9 2609 |a RESULTADOS DE INVESTIGACION | |
| 773 | 0 | |0 18811 |9 3319 |a Universidad de Costa Rica. Instituto de Investigaciones en Psicología |d San José, C.R.: Editorial de la UCR |o 07029 |t Actualidades en Psicología / | |
| 942 | |2 ddc |c PP | ||
